[Event "Gibraltar Chess Festival 2017 - Masters"]
[Site "Gibraltar ENG"]
[Date "2017.01.30"]
[Round "7.31"]
[White "Istratescu, Andrei"]
[Black "Kantor, Gergely"]
[Result "1-0"]
[WhiteElo "2593"]
[BlackElo "2448"]
[PlyCount "205"]
[EventDate "2017.01.24"]
[EventType "swiss"]
[EventRounds "10"]
[EventCountry "ENG"]
[SourceTitle "Ajedrez en Madrid"]
[Source "lmi"]
[SourceDate "2017.01.24"]

1. d4 Nf6 2. c4 e6 3. Nf3 d5 4. Nc3 c6 5. Bg5 h6 6. Bxf6 Qxf6 7. e3 Nd7 8. Rc1
g6 9. Bd3 dxc4 10. Bxc4 Bg7 11. O-O O-O 12. e4 c5 13. e5 Qe7 14. Re1 Nb6 15.
Ne4 cxd4 16. Qxd4 Rd8 17. Nf6+ Kh8 18. Qf4 Bd7 19. Nxd7 Rxd7 20. Bb3 Rad8 21.
h4 Nd5 22. Bxd5 Rxd5 23. Rc4 Kg8 24. Qe3 b5 25. Rc2 Qb4 26. a3 Qg4 27. Qxa7 Qf5
28. Rce2 g5 29. hxg5 hxg5 30. Re4 Rd1 31. Qe3 R1d3 32. Qxg5 Qxg5 33. Nxg5 Rb3
34. R4e2 b4 35. a4 Rd5 36. f4 Bh6 37. Ne4 Ra5 38. Rd1 Ra8 39. g3 Bf8 40. Ra1
Rd3 41. Kf2 b3 42. Re3 Rd4 43. Kf3 Rb4 44. a5 Be7 45. a6 Rb6 46. Nd2 Raxa6 47.
Rxa6 Rxa6 48. Rxb3 Ra7 49. Ne4 Kg7 50. Rb8 Rd7 51. Ke3 Ra7 52. g4 Ra1 53. f5
Re1+ 54. Kd3 exf5 55. gxf5 Bh4 56. Rb7 Rd1+ 57. Ke3 Kg8 58. b4 Rd5 59. Kf4 Rd4
60. b5 Bg3+ 61. Kxg3 Rxe4 62. e6 fxe6 63. f6 Rb4 64. b6 Kf8 65. Kf3 e5 66. Ke3
e4 67. Kf4 Kg8 68. Rg7+ Kh8 69. b7 e3+ 70. Kxe3 Rb3+ 71. Kf4 Rf3+ 72. Ke5 Rf5+
73. Ke6 Rxf6+ 74. Ke5 Kxg7 75. b8=Q Rf1 76. Qb7+ Rf7 77. Qg2+ Kf8 78. Qg5 Rf1
79. Ke6 Re1+ 80. Kf6 Rf1+ 81. Kg6 Rd1 82. Qe5 Rd7 83. Qc5+ Ke8 84. Kf6 Rd6+ 85.
Ke5 Rd1 86. Ke6 Re1+ 87. Kf6 Rf1+ 88. Kg6 Rd1 89. Kg7 Kd8 90. Kf7 Rf1+ 91. Ke6
Re1+ 92. Kd6 Rd1+ 93. Kc6 Rf1 94. Qg5+ Ke8 95. Qe3+ Kf7 96. Kd6 Rd1+ 97. Ke5
Rd7 98. Qb3+ Ke7 99. Qg8 Rd1 100. Qg5+ Kf8 101. Qf4+ Ke7 102. Qh4+ Kf8 103. Ke6
1-0

[Event "Gibraltar Chess Festival 2017 - Masters"]
[Site "Gibraltar ENG"]
[Date "2017.01.30"]
[Round "7.32"]
[White "Sarkar, Justin"]
[Black "Gledura, Benjamin"]
[Result "0-1"]
[WhiteElo "2428"]
[BlackElo "2589"]
[PlyCount "72"]
[EventDate "2017.01.24"]
[EventType "swiss"]
[EventRounds "10"]
[EventCountry "ENG"]
[SourceTitle "Ajedrez en Madrid"]
[Source "lmi"]
[SourceDate "2017.01.24"]

1. d4 Nf6 2. c4 g6 3. Nc3 d5 4. Nf3 Bg7 5. cxd5 Nxd5 6. e4 Nxc3 7. bxc3 c5 8.
Be3 Qa5 9. Qd2 O-O 10. Rc1 Nd7 11. d5 Nf6 12. e5 Nd7 13. Bh6 Nxe5 14. Nxe5 Bxe5
15. Bxf8 Kxf8 16. g3 Kg8 17. h4 b5 18. Bg2 Rb8 19. h5 Qb6 20. hxg6 hxg6 21. Kf1
Qd6 22. Qe3 Bb7 23. Rd1 Bg7 24. Bf3 a5 25. Kg2 b4 26. c4 a4 27. Rh4 Bc8 28.
Rdh1 b3 29. axb3 axb3 30. Rh7 Bd4 31. Qh6 Qf6 32. Qd2 b2 33. Rh8+ Qxh8 34.
Rxh8+ Bxh8 35. Be4 Bf5 36. Bxf5 gxf5 0-1

[Event "Gibraltar Chess Festival 2017 - Masters"]
[Site "Gibraltar ENG"]
[Date "2017.01.30"]
[Round "7.33"]
[White "Womacka, Mathias"]
[Black "Antipov, Mikhail Al"]
[Result "0-1"]
[WhiteElo "2435"]
[BlackElo "2580"]
[PlyCount "72"]
[EventDate "2017.01.24"]
[EventType "swiss"]
[EventRounds "10"]
[EventCountry "ENG"]
[SourceTitle "Ajedrez en Madrid"]
[Source "lmi"]
[SourceDate "2017.01.24"]

1. e4 c5 2. Nf3 d6 3. d4 cxd4 4. Nxd4 Nf6 5. Nc3 a6 6. Be2 e6 7. O-O Be7 8. f4
O-O 9. Kh1 Qc7 10. Qe1 b5 11. Bf3 Bb7 12. e5 Ne8 13. Qg3 Nc6 14. Be3 Rd8 15.
Nxc6 Bxc6 16. a3 g6 17. Rad1 Bxf3 18. Qxf3 dxe5 19. Rxd8 Bxd8 20. fxe5 Qxe5 21.
Bh6 Ng7 22. Qc6 Qh5 23. Bf4 Qf5 24. Kg1 Bf6 25. Be3 Qe5 26. Bc5 Rd8 27. Ne4 Nh5
28. c3 Bg7 29. Bb6 Qd5 30. Qc7 Rd7 31. Qc8+ Bf8 32. Nc5 Rd6 33. Qc7 e5 34. Ne4
Rxb6 35. Qxb6 Qxe4 36. Qc7 Nf4 0-1

[Event "Gibraltar Chess Festival 2017 - Masters"]
[Site "Gibraltar ENG"]
[Date "2017.01.30"]
[Round "7.34"]
[White "Blomqvist, Erik"]
[Black "Wemmers, Xander"]
[Result "0-1"]
[WhiteElo "2574"]
[BlackElo "2424"]
[PlyCount "132"]
[EventDate "2017.01.24"]
[EventType "swiss"]
[EventRounds "10"]
[EventCountry "ENG"]
[SourceTitle "Ajedrez en Madrid"]
[Source "lmi"]
[SourceDate "2017.01.24"]

1. Nf3 Nf6 2. g3 b5 3. Bg2 Bb7 4. O-O e6 5. d3 Be7 6. e4 O-O 7. e5 Ne8 8. Qe2
c5 9. Nc3 a6 10. a4 Nc6 11. Be3 Qb6 12. Rfd1 b4 13. Ne4 Nd4 14. Bxd4 cxd4 15.
Ned2 d6 16. Nc4 Qc5 17. Nfd2 Bxg2 18. Kxg2 dxe5 19. Qxe5 Qxe5 20. Nxe5 Nd6 21.
Ndc4 Nxc4 22. dxc4 Bf6 23. Nd3 a5 24. f4 Rac8 25. b3 g6 26. Re1 Rfd8 27. Rad1
h6 28. Kf3 Kg7 29. Re2 Kf8 30. Red2 Bg7 31. h3 Ke7 32. Re2 Rc7 33. g4 Kf8 34.
h4 Rcc8 35. g5 Ke7 36. Ke4 hxg5 37. hxg5 Rh8 38. Rdd2 Rh3 39. Ne5 Rc5 40. Kxd4
Rc8 41. Rh2 Rg3 42. Rd3 Rg4 43. Rf3 Bxe5+ 44. Kxe5 Rc5+ 45. Kd4 Rcxg5 46. c5
Rxf4+ 47. Rxf4 e5+ 48. Kd5 exf4+ 49. Kc6 Rg3 50. Kb7 Rc3 51. c6 g5 52. c7 g4
53. c8=Q Rxc8 54. Kxc8 f3 55. Rf2 Kd6 56. Rf1 Ke5 57. c4 bxc3 58. b4 axb4 59.
a5 b3 60. a6 c2 61. Re1+ Kd6 62. a7 b2 63. a8=Q c1=Q+ 64. Kd8 Qg5+ 65. Kc8 Qg8+
66. Kb7 Qxa8+ 0-1

[Event "Gibraltar Chess Festival 2017 - Masters"]
[Site "Gibraltar ENG"]
[Date "2017.01.30"]
[Round "7.35"]
[White "Lemos, Damian"]
[Black "Paehtz, Thomas"]
[Result "1-0"]
[WhiteElo "2516"]
[BlackElo "2365"]
[PlyCount "59"]
[EventDate "2017.01.24"]
[EventType "swiss"]
[EventRounds "10"]
[EventCountry "ENG"]
[SourceTitle "Ajedrez en Madrid"]
[Source "lmi"]
[SourceDate "2017.01.24"]

1. d4 Nf6 2. c4 g6 3. Nf3 Bg7 4. g3 O-O 5. Bg2 d6 6. O-O Nc6 7. Nc3 Bg4 8. Be3
Qd7 9. Rc1 Bh3 10. d5 Na5 11. b3 c5 12. Bd2 b6 13. e4 Bxg2 14. Kxg2 e6 15. Re1
exd5 16. cxd5 Rfe8 17. h3 Rad8 18. Qe2 Qb7 19. Qd3 a6 20. Na4 Nd7 21. b4 cxb4
22. Bxb4 Bf8 23. Rb1 Qa7 24. Bc3 b5 25. Bxa5 bxa4 26. Bxd8 Rxd8 27. Qd4 Nc5 28.
e5 Qa8 29. Rbd1 dxe5 30. Nxe5 1-0

[Event "Gibraltar Chess Festival 2017 - Masters"]
[Site "Gibraltar ENG"]
[Date "2017.01.30"]
[Round "7.36"]
[White "Schroeder, Jan-Christian"]
[Black "Shvayger, Yuliya"]
[Result "1-0"]
[WhiteElo "2550"]
[BlackElo "2413"]
[PlyCount "61"]
[EventDate "2017.01.24"]
[EventType "swiss"]
[EventRounds "10"]
[EventCountry "ENG"]
[SourceTitle "Ajedrez en Madrid"]
[Source "lmi"]
[SourceDate "2017.01.24"]

1. e4 c5 2. Nf3 Nc6 3. d4 cxd4 4. Nxd4 g6 5. c4 Bg7 6. Be3 Nf6 7. Nc3 O-O 8.
Be2 d6 9. O-O Bd7 10. f3 Nxd4 11. Bxd4 a5 12. c5 dxc5 13. Bxc5 Rc8 14. Be3 Bc6
15. Qb3 Nd7 16. Rac1 e6 17. Nb5 Qe7 18. Na7 Ra8 19. a4 Qf6 20. Rfd1 Ne5 21.
Nxc6 Nxc6 22. Qxb7 Nb4 23. Rd2 Na2 24. Rcc2 Nb4 25. Rc5 Rfb8 26. Qc7 Rd8 27. e5
Rxd2 28. exf6 Rxe2 29. Qc8+ Rxc8 30. Rxc8+ Bf8 31. Bh6 1-0

[Event "Gibraltar Chess Festival 2017 - Masters"]
[Site "Gibraltar ENG"]
[Date "2017.01.30"]
[Round "7.37"]
[White "Libiszewski, Fabien"]
[Black "Mihajlov, Sebastian"]
[Result "1-0"]
[WhiteElo "2545"]
[BlackElo "2384"]
[PlyCount "47"]
[EventDate "2017.01.24"]
[EventType "swiss"]
[EventRounds "10"]
[EventCountry "ENG"]
[SourceTitle "Ajedrez en Madrid"]
[Source "lmi"]
[SourceDate "2017.01.24"]

1. e4 e6 2. d4 d5 3. Nc3 Nf6 4. Bg5 Bb4 5. e5 h6 6. Bc1 Ne4 7. Qg4 g5 8. Nge2
c5 9. a3 Ba5 10. dxc5 Nxc3 11. Nxc3 d4 12. b4 dxc3 13. bxa5 Nc6 14. h4 Rg8 15.
hxg5 hxg5 16. Rh5 Qxa5 17. Rxg5 Rxg5 18. Bxg5 Qxc5 19. Bf6 Bd7 20. Rd1 Ne7 21.
Bxe7 Qxe5+ 22. Be2 Kxe7 23. Qb4+ Ke8 24. Rxd7 1-0

[Event "Gibraltar Chess Festival 2017 - Masters"]
[Site "Gibraltar ENG"]
[Date "2017.01.30"]
[Round "7.38"]
[White "Spraggett, Kevin"]
[Black "Henderson De La Fuente, Lance"]
[Result "1/2-1/2"]
[WhiteElo "2542"]
[BlackElo "2380"]
[PlyCount "96"]
[EventDate "2017.01.24"]
[EventType "swiss"]
[EventRounds "10"]
[EventCountry "ENG"]
[SourceTitle "Ajedrez en Madrid"]
[Source "lmi"]
[SourceDate "2017.01.24"]

1. d4 Nf6 2. c4 e6 3. Nf3 b6 4. g3 Bb7 5. Bg2 Be7 6. O-O O-O 7. Re1 d5 8. cxd5
exd5 9. Nc3 Na6 10. Bf4 c5 11. Rc1 Ne4 12. dxc5 Naxc5 13. Be5 Ne6 14. a3 Bf6
15. e3 Re8 16. h4 Bxe5 17. Nxe5 Qf6 18. Ng4 Qf5 19. Bh3 Kh8 20. Nxe4 dxe4 21.
Qd7 Ba6 22. Rc7 Rf8 23. Rxa7 Bb5 24. Qe7 Rxa7 25. Qxa7 h5 26. Qxb6 hxg4 27. Bg2
Bd3 28. Rc1 Qe5 29. Qb7 Qb8 30. Bxe4 Bxe4 31. Qxe4 Qxb2 32. Rb1 Qxa3 33. Qxg4
Rc8 34. Qf5 Rc1+ 35. Rxc1 Qxc1+ 36. Kg2 Qc6+ 37. Kg1 Kg8 38. Kh2 Qc5 39. Qe4 g6
40. Kg1 Ng7 41. Qa8+ Kh7 42. Qb7 Qf5 43. Kg2 Ne6 44. Qf3 Qxf3+ 45. Kxf3 Kg7 46.
e4 Kf6 47. Ke3 Nf8 48. f4 Ne6 1/2-1/2

[Event "Gibraltar Chess Festival 2017 - Masters"]
[Site "Gibraltar ENG"]
[Date "2017.01.30"]
[Round "7.39"]
[White "Del Rio De Angelis, Salvador G"]
[Black "Derakhshani, Dorsa"]
[Result "1-0"]
[WhiteElo "2527"]
[BlackElo "2370"]
[PlyCount "66"]
[EventDate "2017.01.24"]
[EventType "swiss"]
[EventRounds "10"]
[EventCountry "ENG"]
[SourceTitle "Ajedrez en Madrid"]
[Source "lmi"]
[SourceDate "2017.01.24"]

1. d4 Nf6 2. c4 e6 3. Nc3 Bb4 4. e3 c5 5. a3 Bxc3+ 6. bxc3 Nc6 7. Bd3 d6 8. Ne2
O-O 9. e4 Ne8 10. O-O b6 11. Ra2 Na5 12. Ng3 g6 13. Bh6 Ng7 14. f4 f5 15. d5
Qf6 16. Qe1 Bd7 17. e5 Qf7 18. Rd2 Rfe8 19. Bg5 Ba4 20. h4 Bb3 21. h5 exd5 22.
cxd5 Bxd5 23. h6 Ne6 24. Bf6 Nxf4 25. Bxf5 dxe5 26. Be4 Bxe4 27. Nxe4 Nc4 28.
Rd1 Re6 29. Ng5 Qxf6 30. Nxe6 Nh3+ 31. gxh3 Qxe6 32. Qe4 Rb8 33. Qb7 Ra8 1-0

[Event "Gibraltar Chess Festival 2017 - Masters"]
[Site "Gibraltar ENG"]
[Date "2017.01.30"]
[Round "7.41"]
[White "Narciso Dublan, Marc"]
[Black "Bellin, Robert"]
[Result "0-1"]
[WhiteElo "2508"]
[BlackElo "2353"]
[PlyCount "168"]
[EventDate "2017.01.24"]
[EventType "swiss"]
[EventRounds "10"]
[EventCountry "ENG"]
[SourceTitle "Ajedrez en Madrid"]
[Source "lmi"]
[SourceDate "2017.01.24"]

1. c4 e6 2. g3 f5 3. Bg2 Nf6 4. Nf3 Be7 5. O-O O-O 6. Nc3 a5 7. d3 Nc6 8. d4
Ne4 9. d5 Nxc3 10. bxc3 Nb8 11. Qc2 Na6 12. dxe6 dxe6 13. Rd1 Qe8 14. e4 Qh5
15. exf5 e5 16. Re1 Bxf5 17. Qb2 e4 18. Nd4 Nc5 19. Be3 Bh3 20. Qe2 Bg4 21. Qc2
Rae8 22. Reb1 b6 23. Nb3 Bf3 24. Nxc5 Bxc5 25. Re1 Re5 26. Bxc5 Rxc5 27. Re3
Rcf5 28. Bxf3 exf3 29. Qe4 Kh8 30. Rd1 h6 31. Rdd3 R5f7 32. h4 Qf5 33. Qxf5
Rxf5 34. Rd7 R8f7 35. Rxf7 Rxf7 36. Re6 Rd7 37. Re3 Rd1+ 38. Kh2 Rd2 39. Rxf3
Rxa2 40. Kg2 Rc2 41. c5 b5 42. c6 a4 43. Rf7 Rxc3 44. Rxc7 b4 45. Rb7 b3 46. c7
Rxc7 47. Rxc7 b2 48. Rb7 a3 49. Rb3 a2 50. Rxb2 a1=Q 51. Rb4 Qa8+ 52. Kg1 Qd5
53. Rf4 Kh7 54. Kh2 Kg6 55. Kg1 Kh7 56. Kh2 g6 57. Ra4 Kg8 58. Rf4 Kg7 59. Kg1
g5 60. hxg5 hxg5 61. Rb4 Kg6 62. Rb6+ Kf5 63. Rb4 Qd2 64. Rb5+ Kg4 65. Kg2 Qd3
66. Rb6 Qf3+ 67. Kg1 Qd5 68. Rf6 Qe5 69. Rb6 Qd4 70. Ra6 Qc4 71. Rf6 Qc3 72.
Rf7 Qc4 73. Rf6 Qd4 74. Rf7 Qh8 75. Kg2 Qh3+ 76. Kg1 Qh5 77. Re7 Kh3 78. Re1
Qf3 79. Kf1 Kh2 80. Re3 Qd1+ 81. Re1 Qd3+ 82. Re2 g4 83. Ke1 Kg1 84. Rb2 Qf1+
0-1

[Event "Gibraltar Chess Festival 2017 - Masters"]
[Site "Gibraltar ENG"]
[Date "2017.01.30"]
[Round "7.42"]
[White "Aryan, Chopra"]
[Black "Kulkarni, Rakesh"]
[Result "1/2-1/2"]
[WhiteElo "2503"]
[BlackElo "2344"]
[PlyCount "103"]
[EventDate "2017.01.24"]
[EventType "swiss"]
[EventRounds "10"]
[EventCountry "ENG"]
[SourceTitle "Ajedrez en Madrid"]
[Source "lmi"]
[SourceDate "2017.01.24"]

1. e4 d5 2. exd5 Nf6 3. d4 Bg4 4. Be2 Bxe2 5. Qxe2 Qxd5 6. Nf3 Nc6 7. c4 Qf5 8.
O-O O-O-O 9. d5 Nb4 10. Nc3 Nd3 11. Rd1 Nc5 12. Qe3 e6 13. b4 Ng4 14. Qg5 Na6
15. Qxf5 exf5 16. a3 Be7 17. Bf4 Bd6 18. Rd4 Bxf4 19. Rxf4 g6 20. h3 Nf6 21. g4
Rhe8 22. gxf5 Nh5 23. Rd4 gxf5 24. Kf1 Nb8 25. Rh4 Nf6 26. Rh6 Ne4 27. Rc1 Nd7
28. Rxh7 Rh8 29. Rxh8 Rxh8 30. h4 Nf8 31. Nb5 Ng6 32. Nxa7+ Kb8 33. Nb5 Nxh4
34. Nxh4 Rxh4 35. Rc2 Rh3 36. Re2 Kc8 37. Kg2 Rb3 38. Nd4 Rxa3 39. Nxf5 Nd6 40.
Nxd6+ cxd6 41. Re8+ Kd7 42. Rf8 Ra4 43. Rxf7+ Kc8 44. f4 Rxb4 45. f5 Rxc4 46.
f6 Kd8 47. Re7 b5 48. Kg3 b4 49. Re6 Kd7 50. Re7+ Kd8 51. Re6 Kd7 52. Re7+
1/2-1/2

[Event "Gibraltar Chess Festival 2017 - Masters"]
[Site "Gibraltar ENG"]
[Date "2017.01.30"]
[Round "7.43"]
[White "Liang, Awonder"]
[Black "Kozak, Adam"]
[Result "0-1"]
[WhiteElo "2496"]
[BlackElo "2376"]
[PlyCount "148"]
[EventDate "2017.01.24"]
[EventType "swiss"]
[EventRounds "10"]
[EventCountry "ENG"]
[SourceTitle "Ajedrez en Madrid"]
[Source "lmi"]
[SourceDate "2017.01.24"]

1. c4 e6 2. Nf3 d5 3. b3 Nf6 4. g3 Be7 5. Bg2 O-O 6. O-O b6 7. Bb2 Bb7 8. e3
Nbd7 9. Nc3 c5 10. d3 Rc8 11. Qe2 Qc7 12. Rfd1 Rfd8 13. Rac1 Qb8 14. a4 Bc6 15.
e4 dxe4 16. dxe4 Qa8 17. Nd5 Bf8 18. Nxf6+ Nxf6 19. e5 Ne8 20. Nh4 Be7 21. Bxc6
Qxc6 22. Ng2 Nc7 23. f4 a6 24. Bc3 b5 25. Qc2 g6 26. Ba5 bxa4 27. bxa4 Rd4 28.
Ne1 h5 29. Kf2 Na8 30. Nf3 Rxd1 31. Rxd1 Nb6 32. Ra1 Nd7 33. Rb1 Rb8 34. Rxb8+
Nxb8 35. Qb3 Qc8 36. Qb6 Nc6 37. Qc7 Qe8 38. Bd2 Bf8 39. Be3 Nb4 40. Ng5 Be7
41. Ne4 Qa8 42. Kf3 Nc2 43. Bf2 Bf8 44. Qd7 Kg7 45. h3 Kg8 46. g4 hxg4+ 47.
hxg4 Nb4 48. a5 Kg7 49. f5 gxf5 50. gxf5 Qc6 51. f6+ Kg6 52. Qd2 Bh6 53. Qe2
Kf5 54. Bg3 Bg5 55. Be1 Na2 56. Qc2 Nc1 57. Bc3 Nb3 58. Qd3 Bf4 59. Qe2 Nd4+
60. Bxd4 cxd4 61. c5 Bxe5 62. Qd3 Bxf6 63. Qc2 Be5 64. Qb1 Qd5 65. Qd3 Bg7 66.
Qe2 Bh6 67. Qe1 Bf4 68. c6 Qxc6 69. Qb1 Qd5 70. Qd3 f6 71. Qc2 d3 72. Qc5 d2
73. Qxd5+ exd5 74. Nf2 Bc7 0-1

[Event "Gibraltar Chess Festival 2017 - Masters"]
[Site "Gibraltar ENG"]
[Date "2017.01.30"]
[Round "7.44"]
[White "Vega Gutierrez, Sabrina"]
[Black "Krysa, Leandro"]
[Result "0-1"]
[WhiteElo "2406"]
[BlackElo "2491"]
[PlyCount "114"]
[EventDate "2017.01.24"]
[EventType "swiss"]
[EventRounds "10"]
[EventCountry "ENG"]
[SourceTitle "Ajedrez en Madrid"]
[Source "lmi"]
[SourceDate "2017.01.24"]

1. Nf3 Nf6 2. c4 c5 3. g3 g6 4. Bg2 Bg7 5. Nc3 O-O 6. O-O Nc6 7. d4 cxd4 8.
Nxd4 Qa5 9. e3 d6 10. Nd5 Nxd5 11. cxd5 Nxd4 12. exd4 Qb6 13. Be3 Qxb2 14. a4
Bf5 15. g4 Bc2 16. Qe2 Rfc8 17. Be4 Qb3 18. Bxc2 Rxc2 19. Qb5 Qxb5 20. axb5 Rb2
21. Rfb1 Rxb1+ 22. Rxb1 a5 23. bxa6 bxa6 24. Ra1 f5 25. gxf5 gxf5 26. Kf1 f4
27. Bxf4 Bxd4 28. Ra4 Bc3 29. Rc4 Bf6 30. Ra4 Kf7 31. Ke2 Kg6 32. Bg3 Kf5 33.
h3 h5 34. Ke3 a5 35. Rf4+ Kg6 36. Ra4 h4 37. Bf4 Kf5 38. Kd3 Rb8 39. Be3 Rb5
40. Rf4+ Ke5 41. Ra4 Kxd5 42. Ke2 Kc6 43. Rc4+ Kb7 44. Ra4 Ka6 45. Bd2 Rf5 46.
f4 Rb5 47. Ra3 Kb6 48. Kd3 d5 49. Be1 a4 50. Bf2+ Kc6 51. Rxa4 Rb3+ 52. Ke2
Rxh3 53. Ra6+ Kd7 54. Ra5 Ke6 55. f5+ Ke5 56. Be3 Kxf5 57. Rxd5+ Ke4 0-1

[Event "Gibraltar Chess Festival 2017 - Masters"]
[Site "Gibraltar ENG"]
[Date "2017.01.30"]
[Round "7.51"]
[White "Kantans, Toms"]
[Black "Serarols Mabras, Bernat"]
[Result "1-0"]
[WhiteElo "2456"]
[BlackElo "2242"]
[PlyCount "109"]
[EventDate "2017.01.24"]
[EventType "swiss"]
[EventRounds "10"]
[EventCountry "ENG"]
[SourceTitle "Ajedrez en Madrid"]
[Source "lmi"]
[SourceDate "2017.01.24"]

1. e4 c5 2. Nf3 e6 3. d4 cxd4 4. Nxd4 Nc6 5. Nc3 Qc7 6. f4 a6 7. Be3 b5 8. Nxc6
Qxc6 9. Be2 Bb7 10. Bf3 Qc7 11. Qd4 Rc8 12. a3 Ne7 13. O-O-O Nc6 14. Qb6 Qxb6
15. Bxb6 d6 16. Kb1 Be7 17. h4 O-O 18. g4 Bd8 19. Be3 Bc7 20. g5 Ne7 21. Rhg1
Rfd8 22. Rd3 d5 23. exd5 Nxd5 24. Nxd5 Bxd5 25. Bxd5 Rxd5 26. Rc3 Rdd8 27. Rc6
Rd6 28. Rc5 Rdd8 29. c4 Bb8 30. Rxc8 Rxc8 31. cxb5 axb5 32. Rd1 Kf8 33. Rd3 Ke8
34. Rb3 Rc4 35. f5 b4 36. fxe6 Rxh4 37. Bc5 fxe6 38. Bxb4 Rc4 39. a4 Bf4 40. a5
Rc6 41. Ra3 Bxg5 42. a6 Rc8 43. a7 Ra8 44. Bc5 Kd7 45. Rd3+ Kc6 46. b4 Bf4 47.
Kc2 h5 48. Kb3 Kb5 49. Rd7 h4 50. Rb7+ Kc6 51. Rxg7 Bd6 52. Bg1 h3 53. Kc4 Bxb4
54. Kxb4 e5 55. Ka5 1-0

[Event "Gibraltar Chess Festival 2017 - Masters"]
[Site "Gibraltar ENG"]
[Date "2017.01.30"]
[Round "7.58"]
[White "Zhukova, Natalia"]
[Black "Pratyusha, Bodda"]
[Result "1-0"]
[WhiteElo "2447"]
[BlackElo "2247"]
[PlyCount "111"]
[EventDate "2017.01.24"]
[EventType "swiss"]
[EventRounds "10"]
[EventCountry "ENG"]
[SourceTitle "Ajedrez en Madrid"]
[Source "lmi"]
[SourceDate "2017.01.24"]

1. d4 d5 2. c4 c6 3. Nf3 Nf6 4. Nc3 e6 5. Bg5 Nbd7 6. e3 Qa5 7. Nd2 Bb4 8. Rc1
dxc4 9. Bxf6 Nxf6 10. Nxc4 Qd8 11. Be2 O-O 12. O-O Nd5 13. Ne4 Qh4 14. Ned2 Rd8
15. Nf3 Qf6 16. Qb3 Bf8 17. Nce5 Qe7 18. Rfd1 a5 19. a3 Bd7 20. e4 Nf4 21. Bf1
Be8 22. Nc4 b5 23. Nce5 Qb7 24. Qe3 Ng6 25. Nd3 a4 26. h4 Be7 27. h5 Nf8 28. h6
g6 29. Nc5 Qb6 30. Qc3 f5 31. g3 Bf7 32. Ng5 e5 33. Nxf7 Kxf7 34. b4 exd4 35.
Rxd4 Bxc5 36. bxc5 Qc7 37. Rcd1 Rxd4 38. Qxd4 Ne6 39. Qd7+ Qxd7 40. Rxd7+ Kg8
41. Rd6 Nxc5 42. Rxc6 Nxe4 43. Bxb5 g5 44. Bc4+ Kh8 45. Bd5 Rd8 46. Bxe4 fxe4
47. Rc4 Re8 48. Rxa4 Kg8 49. Ra7 e3 50. fxe3 Rxe3 51. Kf2 Rb3 52. a4 Ra3 53. a5
Kf8 54. a6 g4 55. Ra8+ Kf7 56. a7 1-0

[Event "Gibraltar Chess Festival 2017 - Masters"]
[Site "Gibraltar ENG"]
[Date "2017.01.30"]
[Round "7.59"]
[White "Bannink, Bernard"]
[Black "Karavade, Eesha"]
[Result "1/2-1/2"]
[WhiteElo "2244"]
[BlackElo "2418"]
[PlyCount "85"]
[EventDate "2017.01.24"]
[EventType "swiss"]
[EventRounds "10"]
[EventCountry "ENG"]
[SourceTitle "Ajedrez en Madrid"]
[Source "lmi"]
[SourceDate "2017.01.24"]

1. d4 d5 2. c4 e6 3. Nc3 Bb4 4. Nf3 Nf6 5. Qa4+ Nc6 6. Ne5 Bd7 7. Nxd7 Qxd7 8.
e3 O-O 9. Bd2 a6 10. cxd5 exd5 11. a3 Bxc3 12. Bxc3 Ne4 13. Bd3 f5 14. Qc2 h6
15. O-O Rae8 16. Rae1 Nxc3 17. bxc3 Na5 18. c4 dxc4 19. Bxc4+ Nxc4 20. Qxc4+
Kh8 21. Rc1 c6 22. g3 Re6 23. Rfd1 Rd6 24. Qc5 Rf7 25. a4 Rd5 26. Qb4 Rf6 27.
Rc5 Rfd6 28. Rxd5 Rxd5 29. Rc1 Kh7 30. Rc5 b5 31. axb5 Rxc5 32. Qxc5 axb5 33.
h4 Kg6 34. Qf8 Qe6 35. h5+ Kh7 36. Kg2 Qe4+ 37. Kg1 Qb1+ 38. Kg2 b4 39. Qf7
Qe4+ 40. f3 Qd5 41. Qg6+ Kg8 42. Qe8+ Kh7 43. Qg6+ 1/2-1/2

[Event "Gibraltar Chess Festival 2017 - Masters"]
[Site "Gibraltar ENG"]
[Date "2017.01.30"]
[Round "7.60"]
[White "Kuipers, Stefan"]
[Black "Weisbuch, Udi"]
[Result "1/2-1/2"]
[WhiteElo "2414"]
[BlackElo "2240"]
[PlyCount "60"]
[EventDate "2017.01.24"]
[EventType "swiss"]
[EventRounds "10"]
[EventCountry "ENG"]
[SourceTitle "Ajedrez en Madrid"]
[Source "lmi"]
[SourceDate "2017.01.24"]

1. e4 e6 2. d4 d5 3. Nc3 Nf6 4. e5 Nfd7 5. f4 c5 6. Nf3 Nc6 7. Be3 Be7 8. Qd2
O-O 9. dxc5 Qa5 10. O-O-O b6 11. Bb5 Bb7 12. Kb1 Nxc5 13. Bxc6 Bxc6 14. Nd4
Rac8 15. f5 Na4 16. Nxa4 Qxd2 17. Rxd2 Bxa4 18. fxe6 fxe6 19. Nxe6 Rf5 20. Nf4
Rxe5 21. Nxd5 Bxc2+ 22. Rxc2 Rxc2 23. Nxe7+ Rxe7 24. Kxc2 Rxe3 25. Rd1 Re7 26.
Rd2 Kf7 27. Rf2+ Ke8 28. Kd3 Kd7 29. Kd4 Kc6 30. Rc2+ Kd6 1/2-1/2

[Event "Gibraltar Chess Festival 2017 - Masters"]
[Site "Gibraltar ENG"]
[Date "2017.01.30"]
[Round "7.61"]
[White "Damia, Angelo"]
[Black "Pustovoitova, Daria"]
[Result "0-1"]
[WhiteElo "2233"]
[BlackElo "2407"]
[PlyCount "126"]
[EventDate "2017.01.24"]
[EventType "swiss"]
[EventRounds "10"]
[EventCountry "ENG"]
[SourceTitle "Ajedrez en Madrid"]
[Source "lmi"]
[SourceDate "2017.01.24"]

1. e4 c5 2. Nf3 e6 3. d4 cxd4 4. Nxd4 Nf6 5. Nc3 d6 6. g4 h6 7. Be2 a6 8. Be3
b5 9. Bf3 e5 10. Nf5 Bb7 11. Qd2 b4 12. Na4 a5 13. O-O-O Nbd7 14. Nxd6+ Bxd6
15. Qxd6 Bxe4 16. Bxe4 Nxe4 17. Qc6 Nef6 18. Nb6 Ra6 19. Rhe1 O-O 20. Rxd7 Nxd7
21. Qxd7 Qxd7 22. Nxd7 Re8 23. Bd2 f6 24. f4 Rd8 25. Nc5 Rc6 26. Nb7 Rdc8 27.
c3 exf4 28. Nxa5 Ra6 29. Nb3 bxc3 30. Bxc3 Rxa2 31. Re4 g5 32. Kb1 Ra6 33. Nd4
Rc4 34. h3 Kf7 35. Re2 Rc7 36. Nf5 Kg6 37. Ne7+ Kf7 38. Nf5 Kg6 39. Kc2 h5 40.
Ne7+ Kf7 41. Nd5 Rd7 42. Nb4 Re6 43. Rxe6 Kxe6 44. gxh5 Rh7 45. Nd3 Rxh5 46.
Nf2 f5 47. Kd3 Rh4 48. Bd2 Rh7 49. Ke2 Kf6 50. Kf3 Kg6 51. Bc3 Re7 52. Bd2 Kh5
53. Bc3 Re3+ 54. Kg2 Kh4 55. Bf6 f3+ 56. Kf1 Re6 57. Bc3 g4 58. hxg4 fxg4 59.
Be1 g3 60. Nd3 Re3 61. Nb4 Kh3 62. Nd5 g2+ 63. Kf2 Rxe1 0-1

[Event "Gibraltar Chess Festival 2017 - Masters"]
[Site "Gibraltar ENG"]
[Date "2017.01.30"]
[Round "7.62"]
[White "Milliet, Sophie"]
[Black "Bujnoch, Radek"]
[Result "0-1"]
[WhiteElo "2387"]
[BlackElo "2233"]
[PlyCount "104"]
[EventDate "2017.01.24"]
[EventType "swiss"]
[EventRounds "10"]
[EventCountry "ENG"]
[SourceTitle "Ajedrez en Madrid"]
[Source "lmi"]
[SourceDate "2017.01.24"]

1. e4 c5 2. Nf3 Nc6 3. Nc3 Nf6 4. Bb5 Qc7 5. O-O Nd4 6. Re1 a6 7. Bf1 Ng4 8. e5
Nxf3+ 9. Qxf3 Nxe5 10. Qh5 d6 11. f4 g6 12. Qh4 Nc6 13. Nd5 Qa5 14. Qf6 Be6 15.
Nxe7 Nxe7 16. Qxh8 O-O-O 17. Qc3 Qb6 18. d3 Nf5 19. Qd2 Bg7 20. c3 h5 21. Qf2
d5 22. Bd2 Qd6 23. Rab1 a5 24. a3 a4 25. b3 axb3 26. Rxb3 c4 27. Rb6 Qxa3 28.
Reb1 d4 29. Rxb7 Bd5 30. Rb8+ Kc7 31. Rxd8 Kxd8 32. dxc4 dxc3 33. Be3 Be4 34.
Rd1+ Kc8 35. Bc1 c2 36. Re1 Qe7 37. Be3 Bc3 38. Rc1 Bb2 39. Re1 Bc3 40. Rc1 Bb2
41. Bc5 Qc7 42. Be3 Nxe3 43. Qxe3 Bxc1 44. Qxe4 Qxf4 45. Qe8+ Kc7 46. Qe7+ Kc6
47. Qe8+ Kd6 48. c5+ Kxc5 49. Qc8+ Kd6 50. Qd8+ Ke6 51. Qe8+ Kf6 52. Qh8+ Ke7
0-1